Cargando...
Manufacture and refining of raw cane sugar
| Autor Principal: | |
|---|---|
| Formato: | Printed Book |
| Idioma: | Undetermined English |
| Publicado: |
Amsterdam
Elsevier scientific publishing company
1982
|
| Subjects: |
| LEADER | 00610nam a2200181Ia 4500 | ||
|---|---|---|---|
| 008 | 140306s9999 xx 000 0 und d | ||
| 041 | |a eng | ||
| 082 | |a 660 |b BAI/MA | ||
| 100 | |a Baikow, V E | ||
| 245 | |a Manufacture and refining of raw cane sugar | ||
| 260 | |a Amsterdam |b Elsevier scientific publishing company |c 1982 | ||
| 300 | |a 588 | ||
| 365 | |b F.L 325 | ||
| 440 | |v Sugar series 2 | ||
| 650 | |a chemical technology | ||
| 942 | |2 ddc |c BK | ||
| 999 | |c 105112 |d 105112 | ||
| 952 | |0 0 |1 0 |2 ddc |4 0 |6 660_000000000000000_BAIMA |7 0 |9 101826 |a KAUHCV |b KAUHCV |d 2004-03-12 |g 325.00 |o 660 BAI/MA |p KAU_HCV-21895 |r 2014-03-22 |w 2014-03-22 |y BK | ||